| 000 | 00529nam a2200181 a 4500 | ||
|---|---|---|---|
| 005 | 20140311163017.0 | ||
| 008 | 070222s19uu xx 00 eng d | ||
| 020 | _a0007199090 | ||
| 050 |
_aND 2240 _b.T238 2002 |
||
| 100 | _aTaylor, Richard | ||
| 245 |
_aLearn to paint buildings in watercolour / _cRichard Taylor |
||
| 260 |
_aLondon : _bHarper Collins Publisher, _c2002. |
||
| 300 |
_a64 p. : _bill. col. ; _c27 cm. |
||
| 521 | _aMA | ||
| 650 |
_aWatercolor painting _xTechnique. |
||
| 942 |
_cBK _2lcc _kFOR |
||
| 999 |
_c39434 _d39434 |
||